| 000 | 01949ncm0a2200361 4500 | ||
|---|---|---|---|
| 001 | RU\NLR\ONIZ\197357 | ||
| 005 | 20250614044332.0 | ||
| 013 | _a979-0-66000-354-1 | ||
| 035 | _a(NLR Aleph) 010404952 | ||
| 090 |
_a9724781 _c9724781 |
||
| 100 | _a20130419d2010 |||y0rusy50 ca | ||
| 101 | 0 | _arus | |
| 102 | _aRU | ||
| 125 | _azx | ||
| 145 | 0 | _au | |
| 200 | 1 |
_aПолифония. Свободный стиль _eучеб. пособие для студентов муз. фак. пед. вузов _fГ. В. Абдуллина |
|
| 210 |
_aСанкт-Петербург _cКомпозитор - Санкт-Петербург _d2010 |
||
| 215 | _a100 с. | ||
| 313 | _aСистематизация документа проведена по изданию - Методика классифицирования музыкальных произведений (нотных изданий) по таблицам Библиотечно-библиографических классификаций : метод. рекомендации / Гос. б-ка СССР им. В.И. Ленина.- М., 1977. Индексу ББК методических рекомендаций присваивается код ББК для научных библиотек - LBC/SL | ||
| 325 | _aКопия доступна в Электрон. б-ке РНБ http://vivaldi.nlr.ru/bx000031923/view | ||
| 686 |
_aЩ310.55(2Р=Р) _vLBC/SL _2rubbk |
||
| 700 | 1 |
_9z01790 _aАбдуллина _bГ. В. _gГалина Вадимовна _4070 |
|
| 790 | 1 |
_9z01700 _aAbdullina _bG. V. _gGalina Vadimovna _4070 |
|
| 801 | 0 |
_aRU _bNLR _c20130419 _gPSBO |
|
| 801 | 1 |
_aRU _bNLR _c20130419 _2rusmarc |
|
| 801 | 2 |
_aRU _bNLR _c20190212 |
|
| 852 |
_aNLR _bМс _j40/А.139 _pбез инв. _t1 |
||
| 942 | _cSCORE | ||
| 980 | _aNB | ||
| 980 | _aONIZ | ||
| 981 | 2 | 4 | _a(24) Нотные издания и аудиозаписи |